000 nam a22 7a 4500
999 _c8368
_d8368
008 180115b ||||| |||| 00| 0 eng d
100 _aAggarwal
_94782
245 _aLearning Mathematics
260 _aNew Delhi